00357 a2200097 4500001001000000005001700010008004100027245011900068100002700187773004500214ART_5193720260410162044.0260409a 10aLos impuestos análogos pagados en el exterior conforme las distintas alternativas para invertir fuera del país1 aMastandrea, Alberto F.0 tImpuestosg- N°82 (ago. 2020)wREV45175